000 00313nam a2200121Ia 4500
005 20251222143252.0
008 251222s9999||||xx |||||||||||||| ||spa||
082 _a362.017.8/M39
100 _aMejía Salas, Pedro
245 0 _aLa aAopción en el Perú
264 _bLibrería y Ediciones Jurídicas
942 _cLIB
999 _c14983
_d14983